Type the Word Backwards - Statistics

General Stats
  • This quiz has been taken 14 times
  • The average score is 16 of 20
Answer Stats
Hint Answer % Correct
people elpoep
100%
laugh hgual
100%
water retaw
100%
driver revird
100%
country yrtnuoc
100%
cabotage egatobac
91%
dongle elgnod
91%
lollygag gagyllol
91%
amazing gnizama
91%
wonderful lufrednow
91%
together rehtegot
91%
cattywampus supmawyttac
91%
rainbow wobniar
91%
hootenanny ynnanetooh
91%
buoy youb
91%
hullabaloo oolaballuh
73%
JetPunk knuPteJ
64%
overmorrow worromrevo
36%
kakorrhaphiophobia aibohpoihpahrrokak
27%
gubbins gubbins
18%
No matching quizzes found
Score Distribution
Percent of People with Each Score
Percentile by Number Answered
Your Score History
You have not taken this quiz